Annual review of information science and technology.Volume 23,1988

Gespeichert in:
Bibliographische Detailangaben
Format: Buch
Sprache:Englisch
Veröffentlicht: Amsterdam : Elsevier, 1988
Tags: Tag hinzufügen
Keine Tags, Fügen Sie das erste Tag hinzu!

MARC

LEADER 00000nam a22000003a 4500
001 stu29202
005 20150408181114.6
008 950601s1988----ne------------------eng-d
020 |a 0-444-70543-0 
040 |a STU  |b slo 
041 0 |a eng 
044 |a ne 
080 |a 03  |7 stu_us_auth*stu8317 
080 |a 5/6  |7 A000003586 
245 |a Annual review of information science and technology.Volume 23,1988 
260 |a Amsterdam :  |b Elsevier,  |c 1988 
300 |a 17,361 s 
996 |b 284V008230  |c V*43348/O-18749  |l VVT  |s A  |a 24  |w stu29202_0001